000 00380pam a2200157a 44500
008 230515b1994 xxu||||| |||| 00| 0 eng d
020 _aNULL
041 _aENG
082 _a610.73677
100 _aPATRICIOW LADEWING
245 _aESSENTIALS OF MATERNAL NEWBORN NURSING
250 _a3RD
260 _aNULL
_b"ADDISON WESLEY, ND, 0"
_c1994
300 _a909
650 _aN.D.
999 _c524664
_d524664